Statistiques concernant Groupes de 7

Cliquez ici pour prendre le quiz!

Statistiques générales

  • Ce quiz a été pris 684 fois
  • Le résultat moyen est 39 sur 49

Statistiques - réponses

Réponse% Correct
Dimanche
99%
Jeudi
99%
Lundi
99%
Mardi
99%
Mercredi
99%
Samedi
99%
Vendredi
99%
Asie
98%
Europe
98%
Bleu
97%
Do
97%
Fa
97%
Jaune
97%
La
97%
Mi
97%
97%
Rouge
97%
Sol
97%
Vert
97%
Amérique du Nord
96%
Amérique du Sud
96%
Océanie
96%
Si
96%
Afrique
95%
Violet
95%
Orange
93%
France
92%
Etats-Unis
90%
Allemagne
88%
Antarctique
81%
Gourmandise
81%
Italie
78%
Royaume-Uni
78%
Japon
76%
Luxure
75%
Canada
74%
Avarice
66%
Envie
63%
Paresse
63%
Indigo
55%
Colère
54%
Orgueil
51%
Phare d'Alexandrie
50%
Jardins suspendus de Babylone
47%
Colosse de Rhodes
45%
Pyramide de Khéops
31%
Temple d'Artémis
28%
Statue de Zeus
27%
Mausolée d'Halicarnasse
21%

Distribution des résultats

Percentile par nombre de réponses

% des personnes avec chaque résultat

Votre développement - résultats

Vous n’avez pas pris ce quiz